000 00986nam a2200265Ia 4500
003 OSt
005 20221005104407.0
006 a|||||r|||| 00| 0
007 ta
008 221004b |||||||| |||| 00| 0 hin d
024 _a108589
037 _cTextual
040 _aCRL
_cCRL
_bhin
041 _2hin
_ahin
082 _aO152,1M89:g, J8
100 _aस्नातक, विजयेन्द्र
245 0 _aमहाकवि प्रसाद
246 _aMahākavi prasāda
260 _aदिल्ली
_bभारती साहित्य मन्दिर भारत
_c1958
300 _a240पृ0
_ccm.
650 _aहिन्दी साहित्य
700 _a खण्डेलवाल, रामेश्वरलाल
942 _hO152,1M89:g, J8
_cTEXL
_2cc
999 _c1012577
_d1012577